<?xml version="1.0" encoding="UTF-8"?>
<record
    xmlns:xsi="http://www.w3.org/2001/XMLSchema-instance"
    xsi:schemaLocation="http://www.loc.gov/MARC21/slim http://www.loc.gov/standards/marcxml/schema/MARC21slim.xsd"
    xmlns="http://www.loc.gov/MARC21/slim">

  <leader>00349    a2200109   4500</leader>
  <controlfield tag="001">ART_14521</controlfield>
  <controlfield tag="005">20260410161915.0</controlfield>
  <controlfield tag="008">260409a                                 </controlfield>
  <datafield tag="245" ind1="1" ind2="0">
    <subfield code="a">La promoci&#xF3;n industrial en la Argentina;</subfield>
  </datafield>
  <datafield tag="100" ind1="1" ind2=" ">
    <subfield code="a">Rofman, Alejandro B.</subfield>
  </datafield>
  <datafield tag="773" ind1="0" ind2=" ">
    <subfield code="t">Revista Paraguaya de Sociolog&#xED;a</subfield>
    <subfield code="g">- A&#xF1;o 13, N&#xBA; 36 (may./ago. 1976)</subfield>
    <subfield code="w">REV13424</subfield>
  </datafield>
  <datafield tag="999" ind1=" " ind2=" ">
    <subfield code="c">27181</subfield>
    <subfield code="d">27181</subfield>
  </datafield>
</record>
